LEADER 04022nam 22005414a 450 001 9910450685303321 005 20200520144314.0 010 $a0-231-50843-3 035 $a(CKB)1000000000445335 035 $a(EBL)3027858 035 $a(OCoLC)213305202 035 $a(SSID)ssj0000168907 035 $a(PQKBManifestationID)11159272 035 $a(PQKBTitleCode)TC0000168907 035 $a(PQKBWorkID)10202985 035 $a(PQKB)10683452 035 $a(MiAaPQ)EBC3027858 035 $a(Au-PeEL)EBL3027858 035 $a(CaPaEBR)ebr10183519 035 $a(EXLCZ)991000000000445335 100 $a20030714d2004 uy 0 101 0 $aeng 135 $aur|n|---||||| 181 $ctxt 182 $cc 183 $acr 200 04$aThe Hare Krishna movement$b[electronic resource] $ethe postcharismatic fate of a religious transplant /$fedited by Edwin F. Bryant and Maria L. Ekstrand 210 $aNew York $cColumbia University Press$d2004 215 $a1 online resource (470 p.) 300 $aDescription based upon print version of record. 311 $a0-231-12256-X 320 $aIncludes bibliographical references and index. 327 $aTitle Page; Copyright Page; Contents; Contributors; Foreword; Introduction; Part 1 Krishna Consciousness in the Context of Hindu Theology; 1. Krishna, the Intimate Deity; 2. The History of Indic Monotheism and Modern Chaitanya Vaishnavism: Some Reflections; 3. Hare Krishna Mahamantra: Gaudiya Vaishnava Practice and the Hindu Tradition of Sacred Sound; 4. Krishna in Mleccha Desh: ISKCON Temple Worship in Historical Perspective; Part 2 Bhaktivedanta Swami and His Predecessors; 5. Who Is Shri Chaitanya Mahaprabhu? 327 $a6. Charismatic Renewal and Institutionalization in the History of Gaudiya Vaishnavism and the Gaudiya Math7. Bhaktivinoda and Scriptural Literalism; 8. The Guru, Mayavadins, and Women: Tracing the Origins of Selected Polemical Statements in the Work of A.C. Bhaktivedanta Swami; 9. Bhaktivedanta Swami's Preaching in the Context of Gaudiya Vaishnavism; Part 3 Post-Bhaktivedanta Controversies of Lineage; 10. Cleaning House and Cleaning Hearts: Reform and Renewal in ISKCON; 11. The Guardian of Devotion: Disappearance and Rejection of the Spiritual Master in ISKCON After 1977 327 $a12. The No Change in ISKCON Paradigm13. The "Routinization of Charisma" and the Charismatic: The Confrontation Between ISKCON and Narayana Maharaja; Part 4 Heresies; 14. Doctrinal Controversy and the Group Dynamic; 15. Heresy and the Jiva Debate; Part 5 Social Issues; 16. Airports, Conflict, and Change in the Hare Krishna Movement; 17. Healing the Heart of ISKCON: The Place of Women; 18. Life as a Woman on Watseka Avenue: Personal Story I; 19. Child Abuse and the Hare Krishnas: History and Response; 20. Fifteen Years Later: A Critique of Gurukula: Personal Story II 327 $a21. Race, Monarchy, and Gender: Bhaktivedanta Swami's Social ExperimentPart 6 Reevaluations; 22. On Leaving ISKCON: Personal Story III; 23. On Staying in ISKCON: Personal Story IV; 24. Re-Visioning ISKCON: Constructive Theologizing for Reform and Renewal; Concluding Reflections; Glossary; Index 330 $aThis comprehensive study includes more than twenty contributions from members, ex-members, and academics who have followed the Hare Krishna movement for years. Providing a privileged look at the people and issues shaping ISKCON, this volume offers insight into the complex factors surrounding the emergence of religious traditions, including early Christianity, as well as a glimpse at the origins and growth of a religious tradition putting down roots in foreign soil. 608 $aElectronic books. 676 $a294.5/512 701 $aBryant$b Edwin F$g(Edwin Francis),$f1957-$0919919 701 $aEkstrand$b Maria$0956543 801 0$bMiAaPQ 801 1$bMiAaPQ 801 2$bMiAaPQ 906 $aBOOK 912 $a9910450685303321 996 $aThe Hare Krishna movement$92166034 997 $aUNINA LEADER 02954nam 2200457 450 001 9910820155003321 005 20230817191734.0 010 $a1-78450-753-9 035 $a(CKB)4100000007696104 035 $a(MiAaPQ)EBC5716534 035 $a(EXLCZ)994100000007696104 100 $a20190309d2019 uy 0 101 0 $aeng 135 $aurcnu|||||||| 181 $ctxt$2rdacontent 182 $cc$2rdamedia 183 $acr$2rdacarrier 200 14$aThe mental health and wellbeing workout for teens $eskills and exercises from ACT and CBT for healthy thinking /$fPaula Nagel 210 1$aLondon ;$aPhiladelphia :$cJessica Kingsley Publishers,$d2019. 215 $a1 online resource (162 pages) 311 $a1-78592-394-3 320 $aIncludes bibliographical references and index. 327 $aPart 1: 1. Helpful and unhelpful thinking (aka best friend and frenemy thoughts) -- 2. Unhelpful thoughts in action (Marc's miserable morning) -- 3. Stretch and flex-ercises -- Part 2: 4. Social comparison (aka The self-hater) -- 5.Catastrophising (aka But what if... ) -- 6. Black-and-white thinking (aka All-or-nothing thinking) -- 7. Negative filtering (aka Looking throught gloomy goggles) -- 8. Perfectionism (aka Unreal ideal) -- 9. Personalisation (aka Over-owning it) -- 10. Mind reading (aka Filling in the blanks) -- 11. Emotional reasoning (aka Feelings rule, Okay!) -- 12. Living the life YOU want to lead. 330 $aThis easy-to-understand, engaging guide arms teens with healthy thinking habits and coping strategies for staying on top of their mental health. Using tried and tested therapeutic techniques, readers are given the tools to build their own personalised mental health 'workout' to boost their emotional resilience and wellbeing. Informed by the experiences of teens themselves, this friendly guide gives practical tips and strategies on how to overcome everyday stresses and ditch negative thinking 'frenemies' before they develop into more serious issues. Teens will be better equipped to recognise negative thoughts and emotions, monitor their mood and behaviour, and flex their positive thinking muscles in order to combat the mental health blips we all face sometimes. 606 $aHealth behavior in adolescence 606 $aTeenagers$xHealth and hygiene 606 $aAcceptance and commitment therapy$vProblems, exercises, etc 606 $aCognitive therapy for teenagers$vProblems, exercises, etc 615 0$aHealth behavior in adolescence. 615 0$aTeenagers$xHealth and hygiene. 615 0$aAcceptance and commitment therapy 615 0$aCognitive therapy for teenagers 676 $a613/.0433 700 $aNagel$b Paula$c(Educational psychologist),$01664556 801 0$bMiAaPQ 801 1$bMiAaPQ 801 2$bMiAaPQ 906 $aBOOK 912 $a9910820155003321 996 $aThe mental health and wellbeing workout for teens$94022628 997 $aUNINA